[Event "Helmond Rapid op"]
[Site "Helmond"]
[Date "2024.06.15"]
[Round "5"]
[White "Blijlevens, Pim"]
[Black "Calvi, Elias Francesco"]
[Result "1-0"]
[WhiteElo "1925"]
[BlackElo "1613"]
[PlyCount "45"]
[EventDate "2024.06.15"]
[EventType "swiss (rapid)"]
[EventRounds "9"]
[EventCountry "NED"]
[SourceTitle "CBM 220 Extra"]
[Source "ChessBase"]
[SourceDate "2024.07.31"]
[SourceVersion "1"]
[SourceVersionDate "2024.07.31"]
[SourceQuality "1"]

1. d4 d5 2. c4 e6 3. Nc3 Nf6 4. cxd5 exd5 5. Bg5 c6 6. e3 Be7 7. Bd3 h6 8. Bh4 Nbd7 9. Nf3 0-0 10. 0-0 Re8 11. a3 b6 12. Rc1 c5 13. Bb5 Bb7 14. Ne5 a6 15. Bc6 Bxc6 16. Nxc6 Qc7 17. Nxe7+ Rxe7 18. dxc5 bxc5 19. Nxd5 Nxd5 20. Qxd5 Ree8 21. Rfd1 Rad8 22. Bxd8 Rxd8 23. Rd2 1-0